000 00598nam a2200205Ia 4500
008 170504s9999 xx 000 0 und d
050 _aZA 4081.86
050 _b.B869 2016
100 _aBroncano, Demmark Elmer R.
245 _aSt. joseph bamboo organ parish population reporistory /
245 _cDemmark Elmer R. Broncano.
260 _aLas PiƱas, Philippines :
260 _bSISC,
260 _c2016.
300 _a43 pages :
300 _billustrations ;
300 _c28 cm.
500 _aIncludes bibliographical references and appendices.
521 _aInformation Technology
999 _c329746
_d329746